| 000 | 00340nam a2200133Ia 4500 | ||
|---|---|---|---|
| 008 | 240624s9999 xx 000 0 und d | ||
| 041 | _aeng | ||
| 082 | _a828 McK | ||
| 100 | _aMCKEOWN MAX | ||
| 245 | _aNOW THE SURPRISING TRUTH ABOUT THE POWER | ||
| 260 |
_c2016 _aLondon _bAurum Press Ltd |
||
| 300 | _aix, 230 p.; 23 cm. | ||
| 365 |
_c _b38 |
||
| 999 |
_c30603 _d30603 |
||